000
00338pam a2200157a 44500
008
230515b1977 xxu||||| |||| 00| 0 eng d
020
_a
NULL
041
_a
ENGLISH
082
_a
630
100
_a
UDONATH ALONE
245
_a
THE SENSE OF THE OTHERNESS
250
_a
0
260
_a
PUNE
_b
N/A
_c
1977
300
_a
80
650
_a
NULL
999
_c
651363
_d
651363